Πληροφορικός έλεγχος : εποπτικός έλεγχος και συλλογή πληροφοριών βιομηχανικών διεργασιών (SCADA)

Αποθηκεύτηκε σε:
Λεπτομέρειες βιβλιογραφικής εγγραφής
Κύριος συγγραφέας: Κίνγκ, Ροβέρτος-Ερρίκος, 1937-
Μορφή: Βιβλίο
Γλώσσα:Greek
Δημοσίευση: Αθήνα : Παπασωτηρίου, 1994.
Θέματα:
Ετικέτες: Προσθήκη ετικέτας
Δεν υπάρχουν, Καταχωρήστε ετικέτα πρώτοι!

MARC

LEADER 00000cam a2200000 i 4500
001 1/19804
008 010629s1994 gr | ||| |||| ||gre||
020 |a 960751002X 
035 |l 10066985 
040 |a GR-MyUA  |b gre  |e AACR2 
041 0 |a gre 
082 0 |a 629.89 
100 1 |a Κίνγκ, Ροβέρτος-Ερρίκος,   |d 1937- 
245 1 0 |a Πληροφορικός έλεγχος :   |b εποπτικός έλεγχος και συλλογή πληροφοριών βιομηχανικών διεργασιών (SCADA) /   |c Ροβέρτος Ε. Κίνγκ.  
260 |a Αθήνα :   |b Παπασωτηρίου,   |c 1994.  
300 |a 230 σ. ;   |c 24 εκ.  
650 0 0 |a Automatic control. 
650 0 0 |a Supervisory control systems. 
852 |a INST  |b SAMOS  |e 20010629  |h 629.89 ΚΙΝ  |p 005300020730  |q 005300020730  |t BK  |y 0 
852 |a INST  |b SAMOS  |e 20010629  |h 629.89 ΚΙΝ  |p 005300020731  |q 005300020731  |t BK  |y 0 
852 |a INST  |b SAMOS  |e 20010629  |h 629.89 ΚΙΝ  |p 005300020732  |q 005300020732  |t BK  |y 0 
852 |a INST  |b SAMOS  |e 20030624  |h 629.89 ΚΙΝ  |p 005300024065  |q 005300024065  |t BK  |y 0 
852 |a INST  |b SAMOS  |e 20030624  |h 629.89 ΚΙΝ  |p 005300024066  |q 005300024066  |t BK  |y 23 
901 |a BIBL3-2001-2 
909 |a Σ  |b 087908 
909 |a Σ  |b 087909 
909 |a Σ  |b 086673 
909 |a Σ  |b 086674 
909 |a Σ  |b 086675 
970 |a ΠΟΥΡΝΑΡΑΣ  |b ΔΗΜΗΤΡΗΣ  |z 2001/06/29